| 000 | 00349nam a2200133Ia 4500 | ||
|---|---|---|---|
| 008 | 150201s2014 xx 000 0 und d | ||
| 082 |
_a617.6342 _bO2012S |
||
| 100 | _aSIKRI ,VIMAL.K | ||
| 245 | _aTEXT BOOK OF OPERATIVE DENTISTRY | ||
| 250 | _a2ND | ||
| 260 | _bC.B.S.PUBLISHERS | ||
| 650 | _aCONSERVATIVE DENTISTRY & ENDODONTICS | ||
| 942 |
_2ddc _cBK |
||
| 999 |
_c4829 _d4829 |
||